000 00900nam a2200193 i 4500
001 154628
003 ES-MaACL
005 20250826055615.0
008 021202s1869 sp |||| | spa d
100 1 _aGonzález Velasco, Pedro,
_d1815-1882
_9127434
245 1 0 _aObservaciones que se propuso someter al Congreso Médico Español /
_cel Dr. D. Pedro González Velasco.
260 _aMadrid :
_b[s.n.],
_c1869 (
_fImp. Médica de M. Álvarez)
300 _a32 p. ;
_c20 cm.
530 _aDisponible en formato digital.
650 7 _aMedicina-
_xEstudio y enseñanza-
_zEspaña
_2
_9151425
852 _aES-MaACL
_jT-370-F-21
_z- Enc. hol., falto de cub. original
_z. - Ded. de José France[s] a la biblioteca de "Los Escolares Médicos"
_z- Enc. en un vol. facticio
856 _uhttp://bdh-rd.bne.es/viewer.vm?id=0000083414&page=1
_zBiblioteca Digital Hispánica
999 _c154628
_d154628